| 000 | 00511nam a2200157 i 4500 | ||
|---|---|---|---|
| 001 | 36319 | ||
| 003 | ES-MaACL | ||
| 005 | 20230906155339.0 | ||
| 007 | t| | ||
| 008 | 030217s1918 fr ||||1| fre d | ||
| 100 | 1 |
_aBrutails, Jean Auguste. _932232 |
|
| 245 | 1 | 0 |
_aPour comprendre les monuments de la France _b: notions pratiques d'archeologie a l'usage des touristes / _cJean Auguste Brutails. |
| 260 |
_aParis : _b[s.n., _c1918] ( _fJ. Loyier) |
||
| 300 |
_aXVI, 295 p. ; _c17 cm. |
||
| 852 |
_aES-MaACL _jF-4179 |
||
| 999 |
_c36319 _d36319 |
||